| 000 | 00610cam a22002172 4500 | ||
|---|---|---|---|
| 001 | 0000024215 | ||
| 005 | 20151217152257.0 | ||
| 008 | 130619s xx 000 0 eng d | ||
| 020 | _a8123912757 : | ||
| 040 |
_aKABU _cKABU |
||
| 050 | 0 |
_aHF1416 _b.J351997 |
|
| 100 | 1 |
_aJain, Subhash. _@0000151335 |
|
| 245 | 1 | 0 | _aInternational marketing management. |
| 250 | _a3rd ed. | ||
| 260 |
_aNew Delhi : _bCBS, _c1997. |
||
| 300 | _axviii, 758 p. | ||
| 650 | 0 |
_aExport marketing _xManagement. _@0000151323 |
|
| 852 | 1 | _9p1115 KES | |
| 908 | _a130619 | ||
| 950 | _@1 | ||
| 999 |
_c10188 _d10188 |
||